<?xml version="1.0" encoding="UTF-8"?>
<marc:record xmlns:marc="http://www.loc.gov/MARC21/slim">
   <marc:leader>00000nam a2200000 a 4500</marc:leader>
   <marc:datafield ind1="1" ind2=" " tag="100">
      <marc:subfield code="a">Hula, Saskia</marc:subfield>
      <marc:subfield code="4">aut</marc:subfield>
      <marc:subfield code="e">Verfasser/-in</marc:subfield>
   </marc:datafield>
   <marc:datafield ind1=" " ind2=" " tag="653">
      <marc:subfield code="a">Wald</marc:subfield>
   </marc:datafield>
   <marc:datafield ind1=" " ind2=" " tag="653">
      <marc:subfield code="a">Monster</marc:subfield>
   </marc:datafield>
   <marc:datafield ind1="0" ind2="0" tag="245">
      <marc:subfield code="a">Mahlzeit, Monster!</marc:subfield>
   </marc:datafield>
   <marc:datafield ind1="0" ind2="0" tag="245">
      <marc:subfield code="c">Hula, Saskia</marc:subfield>
   </marc:datafield>
   <marc:datafield ind1=" " ind2="1" tag="264">
      <marc:subfield code="c">2010</marc:subfield>
   </marc:datafield>
   <marc:datafield ind1="1" ind2=" " tag="520">
      <marc:subfield code="a">Es ist ein Spiel mit dem wohligen Gruseln, das die Autorin hier mit ihren Lesern spielt, und das sie durch den Kunstgriff der abwechselnden Parallelhandlung in der sicheren Kinderwelt immer wieder unterbricht, um keine Ängste aufkommen zu lassen. Dieses Buch über Monster haben sich die Leser von Saskia Hula ausdrücklich gewünscht und sie hat dafür den richtigen Ton getroffen!&#xD;
Über den Autor&#xD;
Saskia Hula, 1966 in Wien geboren, arbeitet dort als Lehrerin. Sie hat zwei Kinder und lebt abwechselnd im Burgenland und in Wien. Mit besonderem Einfühlungsvermögen, Humor und Witz schreibt sie Geschichten zu Themen, die Kinder wirklich bewegen.Die Illustratorin Tizia Hula-Reseterits hat eine Ausbildung an der Hochschule für Angewandte Kunst in Wien absolviert und arbeitet als Kunsterzieherin in einem Gymnasium.</marc:subfield>
   </marc:datafield>
   <marc:datafield ind1=" " ind2=" " tag="020">
      <marc:subfield code="a">9783851976083</marc:subfield>
      <marc:subfield code="9">9783851976083</marc:subfield>
   </marc:datafield>
   <marc:datafield ind1=" " ind2=" " tag="020">
      <marc:subfield code="a">3851976088</marc:subfield>
      <marc:subfield code="9">3851976088</marc:subfield>
   </marc:datafield>
   <marc:datafield ind1=" " ind2=" " tag="041">
      <marc:subfield code="a">ger</marc:subfield>
   </marc:datafield>
   <marc:datafield ind1=" " ind2=" " tag="338">
      <marc:subfield code="a">Band</marc:subfield>
   </marc:datafield>
   <marc:datafield ind1=" " ind2=" " tag="300">
      <marc:subfield code="a">78 S.</marc:subfield>
   </marc:datafield>
</marc:record>
